Piłkarze Interu Mediolan - nagła śmierć - Statystyki

Ogólne statystyki
  • Ten quiz został rozwiązany 169 razy
  • Średni wynik to 9 z 11
Answers on the Grid
Answers color-coded by a green-red scale on the quiz's grid according to % correct below.
Piotr Zieliński
Rafael Leao
Federico Dimarco
Hakan Çalhanoglu
David Neres
Marcus Thuram
Nicolo Zaniolo
Nicola Zalewski
Kenan Yildiz
Khéphren Thuram
Jan Sommer
Jan Oblak
Alessandro Bastoni
Alessandro Buongiorno
Denzel Dumfries
Henrich Mkhitaryan
Stefan de Vrij
Kwicza Kvaratskchelia
Kristian Asllani
 
Statystyki odpowiedzi
Odpowiedź % Poprawnych
Piotr Zieliński
100%
Hakan Çalhanoglu
97%
Nicola Zalewski
94%
Federico Dimarco
92%
Marcus Thuram
85%
Henrich Mkhitaryan
83%
Jan Sommer
83%
Denzel Dumfries
80%
Alessandro Bastoni
79%
Stefan de Vrij
77%
Kristian Asllani
62%
Nie znaleziono quizów pasujących do podanych kryteriów
Rozkład punktacji
Procent ludzi z każdym wynikiem
Percentyl według liczby udzielonych odpowiedzi
Twoja historia wyników
Nie rozwiązałeś tego quizu